Catálogo
 En Linea

Catálogo no. 2 : (Registro nro. 35565)

Detalles MARC
000 -CABECERA
campo de control de longitud fija 00648nam a2200145 a 4500
001 - NÚMERO DE CONTROL
campo de control 000036074
005 - FECHA Y HORA DE LA ÚLTIMA TRANSACCIÓN
campo de control 20200930074843.0
008 - DATOS DE LONGITUD FIJA--INFORMACIÓN GENERAL
campo de control de longitud fija 111125s1986 ck 000 0 spa d
040 ## - FUENTE DE LA CATALOGACIÓN
Centro catalogador/agencia de origen DO-SdBNP
Lengua de catalogación spa
Centro/agencia transcriptor BNPHU
082 ## - NÚMERO DE LA CLASIFICACIÓN DECIMAL DEWEY
Número de clasificación xxxx
Número de documento/Ítem G727
245 00 - MENCIÓN DE TÍTULO
Título Catálogo no. 2 :
Resto del título grabaciones de audio musical tradicional y popular.
260 ## - PUBLICACIÓN, DISTRIBUCIÓN, ETC.
Lugar de publicación, distribución, etc. Bogotá :
Nombre del editor, distribuidor, etc. Instituto Colombiano de Cultura, Centro de Documentación Musical,
Fecha de publicación, distribución, etc. 1986.
300 ## - DESCRIPCIÓN FÍSICA
Extensión 99 p. ;
Dimensiones 25 cm.
500 ## - NOTA GENERAL
Nota general La edición del presente catálogo forma parte del convenio 12/84, establecido entre la Empresa Nacional de Telecomunicaciones (TELECOM) y el Instituto Colombiano de Cultura (COLNACULTURA)
Existencias
Estado de retiro Estado de pérdida Restricciones de uso No para préstamo Código de colección Localización permanente Ubicación/localización actual Ubicación en estantería Fecha de adquisición Número de inventario Total de préstamos Signatura topográfica completa Código de barras Fecha visto por última vez Precio válido a partir de Tipo de ítem Koha
      Excluido de préstamo Monografías: Libros y Folletos General General En catalogación 25.11.2011 LF1   xxxx G727 36074-10 25.06.2020 25.06.2020 No se presta

Con tecnología Koha